Aleksandr Archipenko

Sparad:
Bibliografiska uppgifter
Huvudupphovsman: Fezzi, Elda (Författare, medförfattare)
Materialtyp: Bok
Språk:spanska
Publicerad: Buenos Aires Viscontea 1980
Upplaga:1a. ed
Serie:Los Grandes Escultores, 26
Ämnen:
Taggar: Lägg till en tagg
Inga taggar, Lägg till första taggen!

MARC

LEADER 00000cam a2200000 a 4500
001 UCV9748
003 CL-VaPUC
008 930422e19800000AG |||||||||||||||||spa|d
082 0 4 |a 730.92  |b FEZ  |2 21 
100 0 |a Fezzi, Elda  |e author  |9 303774 
245 1 0 |a Aleksandr Archipenko 
250 |a 1a. ed 
300 |a 16 p 
942 |c BK 
945 |d 19930422 00:00:00 
260 |a Buenos Aires  |b Viscontea  |c 1980 
600 0 7 |a ARCHIPENKO, ALEXANDER  |2 CL-VaPUC  |9 268669 
650 0 |a Cubismo  |9 265275 
650 7 |a ESCULTORES UCRANIANOS  |2 CL-VaPUC  |9 268670 
583 |a last modification  |c 20140319 08:36:09  |k Rodrigo Vera 
490 0 |a Los Grandes Escultores, 26 
999 |c 215048  |d 215046 
952 |0 0  |1 0  |4 0  |6 730_920000000000000_FEZ_1980  |7 0  |8 A  |9 198968  |a BIBARQ  |b BIBARQ  |d 2019-11-14  |i 266304K  |o 730.92 FEZ 1980  |p 266304K  |r 2025-01-20  |w 2019-11-14  |y BK  |k ARQ 
952 |0 0  |1 0  |3 erb  |4 0  |6 730_920000000000000_FEZ_1980  |7 0  |8 A  |9 198969  |a BIBART  |b BIBART  |i 5044111  |o 730.92 FEZ 1980  |p 5044111  |r 2025-03-13  |w 2019-11-14  |y BK  |z Catalogado en:20140324  |k ART